NBA 3 point leader - Statistics

General Stats
  • This quiz has been taken 188 times
  • The average score is 9 of 20
Answer Stats
Hint Answer % Correct
Active Stephen Curry
99%
Retired Ray Allen
87%
Active James Harden
83%
Active Lebron James
83%
Active Klay Thompson
78%
Retired Reggie Miller
77%
Active Damian Lillard
54%
Retired Kobe Bryant
53%
Retired Vince Carter
41%
Retired Kyle Korver
40%
Retired Dirk Nowitzki
38%
Retired Jason Kidd
28%
Retired Paul Pierce
26%
Retired Joe Johnson
22%
Active J.J Redick
15%
Retired Chauncey Billups
12%
Retired Jason Terry
12%
Active Jamal Crawford
6%
Retired Rashard Lewis
4%
Active J.R Smtih
0%
No matching quizzes found
Score Distribution
Percent of People with Each Score
Percentile by Number Answered
Your Score History
You have not taken this quiz